| 000 | 00351nam a2200133Ia 4500 | ||
|---|---|---|---|
| 008 | 231129s1930||||xx |||||||||||||| ||spa|| | ||
| 040 | _bspa | ||
| 082 | _a(EN PROCESO DE DESCARTE) 870.09 G922 | ||
| 100 | _aGudeman Alfred | ||
| 245 | 0 | _aHistoria de la literatura latina | |
| 260 | _c1930 | ||
| 264 | _aBarcelona EspaƱa : Labor | ||
| 942 |
_2ddc _cBKS |
||
| 999 |
_c15135 _d15135 |
||